书目信息 |
| 题名: |
跨越时空:中国通信产业发展启示录
|
|
| 作者: | 辛晓梦 , 王雅平 编著 | |
| 分册: | ||
| 出版信息: | 北京 北京邮电大学出版社 2000.05 |
|
| 页数: | 238页 | |
| 开本: | 32开 | |
| 丛书名: | ||
| 单 册: | ||
| 中图分类: | F932.3 , F623 | |
| 科图分类: | ||
| 主题词: | 电信--邮电经济 | |
| 电子资源: | ||
| ISBN: | 7-5635-0421-4 | |
| 000 | 00688nam0 2200217 45 | |
| 001 | 0001151602 | |
| 005 | 20080428154842.28 | |
| 010 | @a7-5635-0421-4@d14.00元 | |
| 100 | @a20000115d2000 km y0chiy0120 ea | |
| 101 | 0 | @achi |
| 105 | @a z 000yy | |
| 200 | 1 | @a跨越时空:中国通信产业发展启示录@AKua Yue Shi Kong:Zhong Guo Tong Xin Chan Ye Fa ZhanQi Shi Lu@f辛晓梦,王雅平编著@FXin Xiao Meng,Wang Ya Ping Bian Zhu |
| 210 | @a北京@c北京邮电大学出版社@d2000.05 | |
| 215 | @a238页@d32开 | |
| 606 | 0 | @a电信@x邮电经济 |
| 690 | @aF932.3@v3 | |
| 690 | @aF623@v4 | |
| 701 | 0 | @a辛晓梦@4编著 |
| 701 | 0 | @a王雅平@4编著 |
| 801 | @aCN@bPftUser@c20080428 | |
| 905 | @dF623@eX520@b313774-778@f5 | |
| 跨越时空:中国通信产业发展启示录/辛晓梦,王雅平编著.-北京:北京邮电大学出版社,2000.05 |
| 238页;32开 |
| ISBN 7-5635-0421-4:14.00元 |
| ● |
| 相关链接 |
|
|
|
正题名:跨越时空:中国通信产业发展启示录
索取号:F623/X520
 
预约/预借
| 序号 | 登录号 | 条形码 | 馆藏地/架位号 | 状态 | 备注 |
| 1 | 313774 | 203137747 | 社科库409/409社科库 40排3列1层/ [索取号:F623/X520] | 在馆 | |
| 2 | 313775 | 203137756 | 社科二线422/409社科库 40排3列2层/ [索取号:F623/X520] | 在馆 | |
| 3 | 313776 | 203137765 | 社科库409/409社科库 40排3列1层/ [索取号:F623/X520] | 在馆 | |
| 4 | 313777 | 203137774 | 社科二线422/409社科库 40排3列2层/ [索取号:F623/X520] | 在馆 | |
| 5 | 313778 | 203137783 | 社科二线422/409社科库 40排3列2层/ [索取号:F623/X520] | 在馆 |